[Event "7th Gibtelecom Masters"]
[Site "Caleta ENG"]
[Date "2009.02.05"]
[Round "10"]
[White "Berczes, D."]
[Black "Socko, B."]
[Result "1/2-1/2"]
[WhiteElo "2513"]
[BlackElo "2631"]
[PlyCount "220"]
[EventDate "2009.01.27"]
[SourceDate "1999.07.01"]

1. d4 Nf6 2. c4 e6 3. Nc3 Bb4 4. e3 c5 5. a3 Bxc3+ 6. bxc3 O-O 7. Bd3 Nc6 8.
Ne2 b6 9. O-O Ba6 10. e4 Ne8 11. Ng3 Na5 12. f4 Bxc4 13. Bxc4 Nxc4 14. f5 cxd4
15. cxd4 f6 16. Rf4 Qe7 17. Qh5 exf5 18. Nxf5 Qf7 19. Qh3 Ned6 20. Nxd6 Nxd6
21. e5 Nc4 22. exf6 gxf6 23. Rh4 Kh8 24. Bf4 Rae8 25. Rf1 Rg8 26. Rh6 Rg7 27.
Be5 Nxe5 28. dxe5 f5 29. Rf6 Qd5 30. R6xf5 Reg8 31. g3 Qc5+ 32. Kh1 Qxa3 33.
Qg2 Qd3 34. Rf6 Re7 35. e6 dxe6 36. Rxe6 Qxf1+ 37. Qxf1 Rxe6 38. Qf7 Rge8 39.
Qxa7 Kg8 40. Kg2 Rf6 41. Qa2+ Kg7 42. Qc4 Re7 43. Qg4+ Kf8 44. Qc8+ Re8 45. Qc4
h6 46. g4 Re7 47. Kg3 Rfe6 48. Kf4 Rf6+ 49. Kg3 Rd7 50. Qe4 Kf7 51. Qc4+ Ke7
52. Kh4 Rfd6 53. Kh5 Kd8 54. h4 Re7 55. Qf4 Kd7 56. Qf5+ Ree6 57. Qb5+ Kc7 58.
g5 hxg5 59. hxg5 Rc6 60. Qd5 Kb7 61. Kg4 Ka7 62. Qa2+ Kb8 63. Qd5 Kb7 64. Kh5
Red6 65. Qf7+ Rc7 66. Qf3+ Rdc6 67. Qd5 Re7 68. Kg4 Kc7 69. Qa2 Kb7 70. Qd5
Rec7 71. Kh5 Re7 72. Kg4 Ree6 73. Kh5 Kc7 74. Kg4 Red6 75. Qf7+ Rd7 76. Qf4+
Kb7 77. Qf5 Rd4+ 78. Kh5 Rd2 79. Qf4 Rd7 80. Qe4 Rdd6 81. Qe5 Re6 82. Qd5 Kc7
83. Kg4 Rcd6 84. Qc4+ Kb7 85. Qb5 Re1 86. Qc4 Re7 87. Qb4 Kc7 88. Qc4+ Rc6 89.
Qa2 Kb7 90. Qd5 Ree6 91. Kh5 Red6 92. Qf7+ Kb8 93. Qf8+ Kc7 94. Qe7+ Rd7 95.
Qe5+ Kb7 96. Qe4 Rf7 97. Qd5 Rg7 98. Kg4 Rh7 99. Qe4 Rd7 100. Kh5 Rdd6 101. Qe5
Ka7 102. Qa1+ Kb8 103. Qh8+ Kb7 104. Qe5 Rd7 105. Qe4 Rg7 106. Qd5 Rgc7 107.
Kg4 Ka7 108. Qa2+ Kb8 109. Qg8+ Rc8 110. Qd5 Rg6 1/2-1/2

[Event "2nd Pfalz Open"]
[Site "Neustadt an der Weinstrasse G"]
[Date "2009.02.21"]
[Round "8"]
[White "Graf, A."]
[Black "Maiorov, N1."]
[Result "1/2-1/2"]
[WhiteElo "2643"]
[BlackElo "2524"]
[PlyCount "53"]
[EventDate "2009.02.15"]
[SourceDate "1999.07.01"]

1. d4 Nf6 2. c4 e6 3. Nc3 Bb4 4. e3 O-O 5. Bd3 d5 6. Nf3 c5 7. O-O Nc6 8. a3
Bxc3 9. bxc3 Qc7 10. cxd5 exd5 11. a4 Re8 12. Ba3 c4 13. Bc2 Qa5 14. Qc1 Ne4
15. Bxe4 Rxe4 16. Nd2 Re8 17. e4 Be6 18. e5 Qxa4 19. f4 Bf5 20. Rf2 f6 21. Nf1
Na5 22. Ne3 Qd7 23. Qd1 Nc6 24. Qh5 Bd3 25. f5 fxe5 26. f6 Qf7 27. Qh4 1/2-1/2

[Event "25th Open"]
[Site "Cappelle la Grande FRA"]
[Date "2009.03.01"]
[Round "2"]
[White "Korobov, A."]
[Black "Riff, JN."]
[Result "1-0"]
[WhiteElo "2613"]
[BlackElo "2520"]
[PlyCount "145"]
[EventDate "2009.02.28"]
[SourceDate "1999.07.01"]

1. d4 Nf6 2. c4 e6 3. Nc3 Bb4 4. e3 O-O 5. Bd3 c5 6. Nf3 b6 7. O-O Bb7 8. Na4
cxd4 9. exd4 Be7 10. Re1 d6 11. b3 Nbd7 12. Bb2 Re8 13. Nc3 Nf8 14. d5 a6 15.
Nd4 e5 16. Nc6 Qc7 17. Nxe7+ Rxe7 18. a4 Rae8 19. Qc2 N8d7 20. b4 e4 21. Nxe4
Nxd5 22. cxd5 Qxc2 23. Bxc2 f5 24. f3 fxe4 25. Bxe4 Nf6 26. Bxf6 gxf6 27. Kf2
Re5 28. a5 bxa5 29. bxa5 R8e7 30. g4 Kf8 31. Red1 Rc7 32. Rab1 h5 33. h3 hxg4
34. hxg4 Bc8 35. Rh1 f5 36. Rh8+ Kg7 37. Rbh1 Rc3 38. R1h7+ Kg6 39. Rh6+ Kg7
40. R6h7+ Kg6 41. gxf5+ Bxf5 42. Rh4 Bxe4 43. fxe4 Ra3 44. Rg4+ Kf7 45. Rh7+
Kf8 46. Rd7 Ra2+ 47. Ke3 Ra3+ 48. Kd4 Ra4+ 49. Kc3 Rxa5 50. Rh4 Kg8 51. Rxd6
Ra4 52. Kd3 Kg7 53. Ke3 a5 54. Rg4+ Kf7 55. Ra6 Ra1 56. Kd4 Re8 57. Rf4+ Kg7
58. Kc5 a4 59. Kd6 a3 60. Kd7 Re5 61. d6 a2 62. Ra3 Kh6 63. Rf2 Rxe4 64. Rfxa2
Rg1 65. Rd2 Rg6 66. Rb3 Rc4 67. Rdd3 Rg7+ 68. Ke6 Rg6+ 69. Kd5 Rc8 70. Rh3+ Kg7
71. Rhg3 Rxg3 72. Rxg3+ Kf7 73. Rf3+ 1-0

[Event "65th ch-RUS HL"]
[Site "?"]
[Date "2012.??.??"]
[Round "2"]
[White "Bocharov, D."]
[Black "Alekseev, Evgeny"]
[Result "1-0"]
[WhiteElo "2600"]
[BlackElo "2675"]
[PlyCount "91"]
[EventDate "2012.??.??"]
[SourceDate "1999.07.01"]

1. d4 Nf6 2. c4 e6 3. Nc3 Bb4 4. e3 O-O 5. Nge2 Re8 6. a3 Bf8 7. d5 d6 8. g3
exd5 9. cxd5 c5 10. Bg2 Nbd7 11. O-O g6 12. b4 a6 13. b5 Ne5 14. e4 Bg7 15. Rb1
Nfd7 16. bxa6 Rxa6 17. Nb5 Nb6 18. Nec3 Nec4 19. Qb3 Bd7 20. Re1 h5 21. h4 Na5
22. Qc2 Nbc4 23. Bf1 Bg4 24. Kg2 Ne5 25. Be2 Qc8 26. f3 Bh3+ 27. Kh2 Bd7 28. a4
Qb8 29. Kg2 Rc8 30. f4 Ng4 31. Nd1 c4 32. Bb2 Bxb2 33. Qxb2 Nb3 34. Bxg4 Bxg4
35. f5 Rf8 36. Ne3 Rxa4 37. Rf1 Nc5 38. Qc2 c3 39. fxg6 fxg6 40. e5 Kg7 41.
Nxd6 Qa7 42. Qxc3 Ra3 43. Rxb7+ Nxb7 44. Qc7+ Kh6 45. Rxf8 Ra2+ 46. Nc2 1-0

[Event "65th ch-RUS HL"]
[Site "?"]
[Date "2012.??.??"]
[Round "2"]
[White "Maletin, P."]
[Black "Khismatullin, D."]
[Result "1/2-1/2"]
[WhiteElo "2595"]
[BlackElo "2660"]
[PlyCount "80"]
[EventDate "2012.??.??"]
[SourceDate "1999.07.01"]

1. d4 Nf6 2. c4 e6 3. Nc3 Bb4 4. e3 c5 5. Nge2 cxd4 6. exd4 d5 7. a3 Be7 8. Nf4
O-O 9. cxd5 Nxd5 10. Ncxd5 exd5 11. Bd3 Nc6 12. O-O Bf6 13. Be3 g6 14. Rc1 Qd6
15. Bb1 Be6 16. Re1 Rfe8 17. Qd2 Rac8 18. Ba2 Ne7 19. Nxe6 Rxc1 20. Rxc1 Qxe6
21. Qa5 Kg7 22. Qb5 Rd8 23. Qxb7 Nf5 24. Qc6 Qe7 25. Qc3 Nxe3 26. Qxe3 Qb7 27.
b4 a5 28. Qd2 axb4 29. Qxb4 Qxb4 30. axb4 Rb8 31. Bxd5 Rxb4 32. Rd1 Rxd4 33.
Rxd4 Bxd4 34. g3 Bc5 35. Kg2 Bd4 36. Bc4 Bc5 37. Bd5 Bd4 38. Bc4 Bc5 39. Bd5
Bd4 40. Bc4 Bc5 1/2-1/2

[Event "65th ch-RUS HL"]
[Site "?"]
[Date "2012.??.??"]
[Round "9"]
[White "Dubov, Danii"]
[Black "Bocharov, D."]
[Result "1-0"]
[WhiteElo "2565"]
[BlackElo "2600"]
[PlyCount "83"]
[EventDate "2012.??.??"]
[SourceDate "1999.07.01"]

1. d4 Nf6 2. c4 e6 3. Nc3 Bb4 4. e3 O-O 5. Nge2 d5 6. a3 Bd6 7. c5 Be7 8. b4 c6
9. Nf4 b6 10. Nd3 a5 11. Rb1 Nbd7 12. Be2 Ba6 13. O-O Qc7 14. f3 Rfe8 15. Bd2
axb4 16. axb4 Bc4 17. Qc2 Reb8 18. Rfc1 h6 19. Be1 Rb7 20. Ra1 Rba7 21. Rxa7
Qxa7 22. Rb1 Bd8 23. Nc1 Bxe2 24. N3xe2 bxc5 25. bxc5 e5 26. Nd3 Qa3 27. Bb4
Qa6 28. dxe5 Ne8 29. Nd4 Nc7 30. Bd2 Qc4 31. Rc1 Ra2 32. Qb1 Qa4 33. Bc3 Ra3
34. Bb2 Ra2 35. Nb4 Qxb4 36. Qxa2 Qd2 37. Qa3 Bh4 38. Qc3 Bf2+ 39. Kf1 Qxe3 40.
Nxc6 Nxc5 41. Ne7+ Kh8 42. Rc2 1-0

[Event "16th Voronezh Master Open"]
[Site "?"]
[Date "2012.??.??"]
[Round "7"]
[White "Fedoseev, Vl3"]
[Black "Yemelin, V."]
[Result "1/2-1/2"]
[WhiteElo "2545"]
[BlackElo "2565"]
[PlyCount "59"]
[EventDate "2012.??.??"]
[SourceDate "1999.07.01"]

1. d4 Nf6 2. c4 e6 3. Nc3 Bb4 4. e3 O-O 5. Bd3 c5 6. Nf3 d5 7. O-O Nc6 8. a3
Bxc3 9. bxc3 Qc7 10. h3 dxc4 11. Bxc4 b6 12. Re1 e5 13. d5 Na5 14. d6 Qb8 15.
Nxe5 Nxc4 16. Nxc4 Be6 17. Qd3 Bxc4 18. Qxc4 Qxd6 19. e4 Rfe8 20. Bg5 Rad8 21.
Qa4 h6 22. Bxf6 Qxf6 23. Qxa7 Rd2 24. Rf1 Qxc3 25. Qxb6 Rxf2 26. Kxf2 Qd4+ 27.
Kg3 Qe5+ 28. Kf2 Qd4+ 29. Kg3 Qe5+ 30. Kf2 1/2-1/2

[Event "3rd Forni di Sopra Open"]
[Site "?"]
[Date "2012.??.??"]
[Round "9"]
[White "Tregubov, P."]
[Black "Romanishin, O."]
[Result "1-0"]
[WhiteElo "2595"]
[BlackElo "2510"]
[PlyCount "87"]
[EventDate "2012.??.??"]
[SourceDate "1999.07.01"]

1. d4 Nf6 2. c4 e6 3. Nc3 Bb4 4. e3 O-O 5. Bd3 c5 6. Nge2 d5 7. cxd5 cxd4 8.
exd4 Qxd5 9. O-O Qh5 10. Ne4 Nbd7 11. Qc2 Nxe4 12. Bxe4 Nf6 13. Bf3 Qg6 14. Qc4
Bd6 15. Bf4 Bxf4 16. Nxf4 Qf5 17. Nd3 Ne4 18. Bxe4 Qxe4 19. Rfe1 Qc6 20. Qxc6
bxc6 21. Ne5 Rd8 22. Nxc6 Rd6 23. Na5 Ba6 24. Red1 Rb8 25. b3 Be2 26. Rd2 Ra6
27. Rxe2 Rxa5 28. Rc1 g6 29. Kf1 Rd5 30. Re4 Rbd8 31. Rc4 Ra5 32. a4 Rb8 33.
Re3 Rb7 34. Ke2 Kf8 35. Rec3 e5 36. Rc8+ Kg7 37. R8c7 Rb8 38. Rf3 Rf8 39. Rc5
Rxc5 40. dxc5 a5 41. Kd3 f5 42. Kc4 e4 43. Rc3 Kf6 44. c6 1-0

[Event "1st GRENKE Chess Classic"]
[Site "Baden-Baden GER"]
[Date "2013.02.08"]
[Round "2.2"]
[White "Naiditsch, A."]
[Black "Adams, Mi"]
[Result "1-0"]
[WhiteElo "2716"]
[BlackElo "2725"]
[PlyCount "157"]
[EventDate "2013.02.07"]
[SourceDate "1999.07.01"]

1. d4 Nf6 2. c4 e6 3. Nc3 Bb4 4. e3 O-O 5. Bd3 d5 6. Nf3 c5 7. O-O Nc6 8. cxd5
exd5 9. dxc5 Bxc5 10. h3 Qe7 11. b3 Rd8 12. Bb2 Ne4 13. Rc1 Bf5 14. Ne2 Rac8
15. Nf4 Ba3 16. Qe2 Bg6 17. Rfd1 a6 18. Bb1 Bxb2 19. Qxb2 Nf6 20. Bxg6 hxg6 21.
Rc2 Rc7 22. Rcd2 Qc5 23. Nd3 Qb6 24. Nde5 Nxe5 25. Qxe5 Re8 26. Qf4 Re4 27.
Rxd5 Rc8 28. Rd6 Qa5 29. Qg3 Ree8 30. Ng5 Qxa2 31. Qh4 Qxb3 32. R1d3 Qc4 33.
R3d4 Qc1+ 34. Kh2 Qc7 35. Kg1 Qc1+ 36. Rd1 Qc4 37. e4 Rc5 38. Rd8 Rc8 39. R8d6
Rc5 40. Rd8 Rc8 41. R8d4 Qe2 42. Kh2 Rc5 43. Rd8 Rce5 44. f4 Rxd8 45. Rxd8+ Re8
46. Rd4 Qe3 47. Rb4 Nh5 48. e5 f6 49. Nf3 a5 50. Rd4 fxe5 51. fxe5 Rf8 52. Re4
Qb6 53. Qg4 Qc6 54. Rd4 Qe8 55. Qg5 Kh7 56. Qe3 Rxf3 57. gxf3 Qe6 58. Rd6 Qa2+
59. Rd2 Qe6 60. Rd6 Qa2+ 61. Qd2 Qb3 62. e6 Qxf3 63. Rd3 Qc6 64. Qe3 a4 65. e7
Nf6 66. Kg1 b5 67. Rd4 Ne8 68. Rf4 Qd5 69. Kf2 Qc6 70. Ke1 Qh1+ 71. Kd2 Qd5+
72. Kc1 Qg5 73. h4 Qd5 74. Kb2 Nd6 75. h5 Qxh5 76. Rd4 Ne8 77. Rf4 Qh2+ 78. Qf2
a3+ 79. Ka2 1-0

[Event "13th ch-CRO 2013"]
[Site "Plitvicka Jezera CRO"]
[Date "2013.01.28"]
[Round "8.1"]
[White "Martinovic, Sa"]
[Black "Zelcic, R."]
[Result "0-1"]
[WhiteElo "2538"]
[BlackElo "2543"]
[PlyCount "80"]
[EventDate "2013.01.21"]
[SourceDate "1999.07.01"]

1. d4 Nf6 2. c4 e6 3. Nc3 Bb4 4. e3 b6 5. Nge2 c5 6. a3 Ba5 7. Rb1 Na6 8. g3
Bb7 9. d5 b5 10. Bg2 bxc4 11. O-O O-O 12. e4 exd5 13. e5 Ng4 14. Bxd5 Bc6 15.
Bf4 Re8 16. Bxc6 dxc6 17. Qa4 Bxc3 18. Nxc3 Nc7 19. Rbd1 Qe7 20. Qxc6 Ne6 21.
Nd5 Qf8 22. h3 Nxf4 23. gxf4 Re6 24. Qd7 Nh6 25. Nc7 Rg6+ 26. Kh2 Rb8 27. f5
Rgb6 28. Rg1 Kh8 29. e6 Nxf5 30. exf7 Rf6 31. Ne6 Qxf7 32. Qxf7 Rxf7 33. Nxc5
h6 34. Na4 Nh4 35. Rg4 g5 36. Rxc4 Rxf2+ 37. Kg1 Rbf8 38. Rdc1 Rg2+ 39. Kh1
Rff2 40. R4c3 Rh2+ 0-1

[Event "73rd ch-ARM 2013"]
[Site "Yerevan ARM"]
[Date "2013.01.19"]
[Round "7.5"]
[White "Melkumyan, H."]
[Black "Pashikian, A."]
[Result "1-0"]
[WhiteElo "2656"]
[BlackElo "2607"]
[PlyCount "179"]
[EventDate "2013.01.12"]
[SourceDate "1999.07.01"]

1. d4 Nf6 2. c4 e6 3. Nc3 Bb4 4. e3 O-O 5. Bd3 d5 6. Nf3 c5 7. O-O b6 8. cxd5
exd5 9. Ne2 c4 10. Bc2 Nbd7 11. Ne5 Qc7 12. f4 Ne4 13. a3 Be7 14. Nc3 Nxc3 15.
bxc3 f5 16. Qf3 Nf6 17. a4 Be6 18. Ba3 Bxa3 19. Rxa3 a6 20. h3 b5 21. Rb1 Qd6
22. Ra2 Rfb8 23. axb5 axb5 24. Rxa8 Rxa8 25. Rxb5 Qa3 26. Rb6 Re8 27. Qg3 Qc1+
28. Kh2 Qxc2 29. Rb7 Ng4+ 30. hxg4 fxg4 31. Qh4 Qf5 32. Qg5 Qxg5 33. fxg5 Kf8
34. Kg3 Ra8 35. Nd7+ Kg8 36. Nc5 Bf5 37. Kf4 Rf8 38. Re7 h5 39. Kg3 Ra8 40. Re5
g6 41. Rxd5 Re8 42. Kf2 h4 43. e4 Bxe4 44. Nxe4 Rxe4 45. g3 h3 46. Rd6 Kg7 47.
Rd7+ Kf8 48. Rc7 Re8 49. d5 Re4 50. Rc6 Kf7 51. Rf6+ Kg7 52. Rf4 Re5 53. Rd4
Rf5+ 54. Kg1 Re5 55. Rxg4 Rxd5 56. Kh2 Rc5 57. Kxh3 Kg8 58. Kh4 Kg7 59. Rd4 Kf7
60. Kg4 Kg7 61. Rd7+ Kf8 62. Rd6 Kg7 63. Rf6 Rc7 64. Kf4 Rc5 65. g4 Rc7 66. Rd6
Rc5 67. Re6 Kf7 68. Re5 Rc8 69. Ke4 Rd8 70. Rc5 Re8+ 71. Kd5 Re3 72. Rxc4 Rd3+
73. Kc6 Rf3 74. Kd5 Rd3+ 75. Ke4 Rg3 76. Rc7+ Ke6 77. Rc6+ Kd7 78. Rxg6 Rxc3
79. Rf6 Rc5 80. Rf5 Rc4+ 81. Kf3 Rc3+ 82. Kf4 Rc4+ 83. Kg3 Rc8 84. g6 Rg8 85.
Kh4 Rxg6 86. Kh5 Rg8 87. g5 Ke7 88. g6 Rf8 89. Rxf8 Kxf8 90. Kh6 1-0

[Event "Dvorkovich Mem 2013"]
[Site "Taganrog RUS"]
[Date "2013.01.18"]
[Round "4.1"]
[White "Khismatullin, D."]
[Black "Sjugirov, S."]
[Result "1/2-1/2"]
[WhiteElo "2652"]
[BlackElo "2643"]
[PlyCount "164"]
[EventDate "2013.01.15"]
[SourceDate "1999.07.01"]

1. d4 Nf6 2. c4 e6 3. Nc3 Bb4 4. e3 O-O 5. Bd3 c5 6. Nge2 cxd4 7. exd4 d5 8.
cxd5 exd5 9. Bg5 Nc6 10. O-O Be7 11. Rc1 Bg4 12. a3 Nxd4 13. Qa4 Nxe2+ 14. Nxe2
Bxe2 15. Bxe2 Ne4 16. Be3 Bg5 17. Bxg5 Qxg5 18. Qd4 Rfe8 19. Rfd1 Nf6 20. Bf3
Re7 21. g3 b6 22. Kg2 Rae8 23. Rc6 h6 24. a4 Qe5 25. Qxe5 Rxe5 26. Rc7 g5 27.
h3 R8e7 28. Rc8+ Kg7 29. a5 bxa5 30. Rc5 a4 31. Ra5 Rb7 32. Rd2 Re6 33. Bxd5
Nxd5 34. Raxd5 Ra6 35. R5d3 Rab6 36. Rd4 Rb4 37. Kf1 a5 38. Rd5 Rxb2 39. Rxb2
Rxb2 40. Rxa5 Rb4 41. Kg2 Kg6 42. g4 f6 43. Ra7 h5 44. f3 Kh6 45. Kf2 Rb2+ 46.
Kg1 Rb4 47. Kf2 h4 48. Kf1 Kg6 49. Kf2 Rb2+ 50. Kf1 Rb3 51. Rxa4 Rxf3+ 52. Kg2
Rg3+ 53. Kh2 Rd3 54. Ra7 Rd8 55. Kg2 Rf8 56. Kg1 Rf7 57. Ra6 Rd7 58. Kg2 Kf7
59. Kf2 Ke7 60. Kg2 Rd6 61. Ra2 Ke6 62. Re2+ Kd5 63. Rd2+ Ke5 64. Re2+ Kf4 65.
Rf2+ Ke3 66. Rf3+ Ke4 67. Rf2 Rc6 68. Re2+ Kd3 69. Kf3 Rc1 70. Re3+ Kd4 71.
Re4+ Kd5 72. Re8 Rg1 73. Rd8+ Ke6 74. Re8+ Kd6 75. Rd8+ Ke7 76. Rd3 Rg3+ 77.
Ke2 Rxd3 78. Kxd3 f5 79. gxf5 g4 80. Ke3 g3 81. Kf3 Kf6 82. Kg2 Kxf5 1/2-1/2

[Event "Dvorkovich Mem 2013"]
[Site "Taganrog RUS"]
[Date "2013.01.21"]
[Round "7.9"]
[White "Fedoseev, Vl3"]
[Black "Bukavshin, I."]
[Result "0-1"]
[WhiteElo "2514"]
[BlackElo "2510"]
[PlyCount "142"]
[EventDate "2013.01.15"]
[SourceDate "1999.07.01"]

1. d4 Nf6 2. c4 e6 3. Nc3 Bb4 4. e3 O-O 5. Bd3 d5 6. Nf3 c5 7. O-O dxc4 8. Bxc4
Nbd7 9. Qb3 a6 10. a4 b6 11. Rd1 Bb7 12. Bd2 Qc7 13. Be1 Ng4 14. Be2 Bxf3 15.
Bxf3 Qxh2+ 16. Kf1 Ndf6 17. Bxa8 Rxa8 18. d5 e5 19. Qc2 g6 20. Ne4 Nh5 21. Bxb4
f5 22. Be1 Rf8 23. Ke2 Qxg2 24. Nc3 f4 25. e4 Ne3 26. Qb3 c4 27. Qxb6 Qf1+ 28.
Kf3 Qg2+ 29. Ke2 Qf1+ 30. Kf3 g5 31. Qe6+ Rf7 32. Qe8+ Rf8 33. Qe6+ Rf7 34.
Qe8+ Kg7 35. Qxe5+ Kg6 36. Qe6+ Rf6 37. Qe8+ Kh6 38. Qxh5+ Kxh5 39. e5 Qg2+ 40.
Ke2 Qf1+ 41. Kf3 Rf5 42. Ke4 Qg2+ 43. Kd4 Nc2+ 44. Kxc4 Nxa1 45. e6 Qf1+ 46.
Kc5 Re5 47. Kd6 Rxe1 48. e7 Rxd1 49. e8=Q+ Kh4 50. Nxd1 Qxd1 51. Qe4 h5 52. b4
Nb3 53. b5 axb5 54. axb5 Na5 55. b6 Qa1 56. Ke6 Nb7 57. Qh7 Qe1+ 58. Kf6 Qc3+
59. Ke6 Qc8+ 60. Ke5 Qc3+ 61. Ke6 Qe1+ 62. Kf6 Nc5 63. Qc2 Nd7+ 64. Kf7 Nxb6
65. d6 Qe5 66. Qd1 Qf5+ 67. Kg7 g4 68. Qe1 Nd7 69. Qe7+ Kh3 70. Kh8 Ne5 71. f3
Ng6+ 0-1

[Event "TCh-AUT 2012-13"]
[Site "Graz AUT"]
[Date "2013.01.17"]
[Round "4.2"]
[White "Kuljasevic, D."]
[Black "Polak, T."]
[Result "1-0"]
[WhiteElo "2561"]
[BlackElo "2520"]
[PlyCount "97"]
[EventDate "2012.11.02"]
[SourceDate "1999.07.01"]
[WhiteTeam "ASVO Signum Siebdruck St.Veit"]
[BlackTeam "SK Zwettl"]

1. d4 Nf6 2. c4 e6 3. Nc3 Bb4 4. e3 c5 5. Nge2 cxd4 6. exd4 O-O 7. a3 Be7 8.
Nf4 d5 9. cxd5 Nxd5 10. Ncxd5 exd5 11. Bd3 Nc6 12. O-O Bg5 13. Re1 Bxf4 14.
Bxf4 Qh4 15. Bd6 Rd8 16. Bc7 Rf8 17. Bd6 Rd8 18. Bc7 Rf8 19. Rc1 Be6 20. Qb3
Nxd4 21. Qxb7 Qg5 22. Bg3 Nf5 23. b4 Nxg3 24. hxg3 g6 25. Qa6 Qd8 26. Rc5 Qb6
27. Rec1 Rfe8 28. Qa4 Re7 29. b5 Rd8 30. Rc6 Qb8 31. Qb4 Rde8 32. a4 Bd7 33.
R6c2 Re5 34. a5 R5e6 35. Rb2 Rc8 36. Rxc8+ Bxc8 37. Rb1 Bb7 38. Qc5 d4 39. Qxd4
Rd6 40. Qf4 Qd8 41. Bf1 Rd4 42. Qe3 Be4 43. Rc1 Bf5 44. Qc3 h5 45. Qc5 Rd1 46.
Rxd1 Qxd1 47. b6 axb6 48. axb6 Qd7 49. Qb4 1-0

[Event "TCh-AUT 2012-13"]
[Site "Graz AUT"]
[Date "2013.01.20"]
[Round "7.1"]
[White "Babula, V."]
[Black "Hera, I."]
[Result "1-0"]
[WhiteElo "2585"]
[BlackElo "2573"]
[PlyCount "95"]
[EventDate "2012.11.02"]
[SourceDate "1999.07.01"]
[WhiteTeam "Union Ansfelden"]
[BlackTeam "SK Sparkasse Fuerstenfeld"]

1. d4 Nf6 2. c4 e6 3. Nc3 Bb4 4. e3 O-O 5. Bd3 d5 6. Nf3 c5 7. O-O cxd4 8. exd4
dxc4 9. Bxc4 b6 10. Qe2 Bb7 11. Rd1 Bxc3 12. bxc3 Nbd7 13. Bd3 Qc7 14. c4 Rfe8
15. Bb2 Rac8 16. Rac1 Ng4 17. h3 Bxf3 18. Qxf3 Qh2+ 19. Kf1 Ngf6 20. Qg3 Qxg3
21. fxg3 e5 22. c5 exd4 23. cxb6 axb6 24. Bxd4 Rxc1 25. Rxc1 Ra8 26. Bb5 Kf8
27. a4 Nc5 28. Bxc5+ bxc5 29. Ke2 Ne4 30. Ke3 Nd6 31. Rxc5 Nxb5 32. axb5 Ra3+
33. Kd4 Rxg3 34. Rc2 Ke7 35. Kc5 Kd7 36. Kb6 f5 37. Ka7 Ra3+ 38. Kb7 g5 39. b6
h5 40. Rc5 Ra2 41. Rxf5 Rxg2 42. Rd5+ Ke6 43. Ra5 Rg3 44. Ka7 Rxh3 45. b7 Rb3
46. Rxg5 Ra3+ 47. Kb6 Rb3+ 48. Rb5 1-0

[Event "Margaryan Mem 2013"]
[Site "Yerevan ARM"]
[Date "2013.01.14"]
[Round "7.5"]
[White "Zilka, S."]
[Black "Kravtsiv, M."]
[Result "1/2-1/2"]
[WhiteElo "2529"]
[BlackElo "2589"]
[PlyCount "98"]
[EventDate "2013.01.08"]
[SourceDate "1999.07.01"]

1. d4 Nf6 2. c4 e6 3. Nc3 Bb4 4. e3 O-O 5. Bd3 d5 6. Nf3 c5 7. O-O cxd4 8. exd4
dxc4 9. Bxc4 b6 10. Qb3 Bxc3 11. bxc3 Nc6 12. Bd3 Bb7 13. Bg5 h6 14. Bh4 e5 15.
Rad1 exd4 16. Bb1 g5 17. Bg3 Qd5 18. cxd4 Rad8 19. Qc2 Rc8 20. Qf5 Qxf5 21.
Bxf5 Rcd8 22. h3 Ne7 23. Bc2 Bxf3 24. gxf3 Nc6 25. d5 Nxd5 26. Bb3 Nc3 27. Rde1
Nd4 28. Kg2 Nxb3 29. axb3 Nd5 30. h4 Rfe8 31. Rxe8+ Rxe8 32. hxg5 hxg5 33. Rd1
Rd8 34. Kg1 Rd7 35. f4 g4 36. f5 Nf6 37. Ra1 a5 38. Be5 Nd5 39. Ra4 f6 40.
Rxg4+ Kf7 41. Bd4 Rc7 42. Kg2 b5 43. Kf3 Ne7 44. Ke4 Rd7 45. Bb6 a4 46. bxa4
bxa4 47. Rh4 a3 48. Rh7+ Kg8 49. Rh3 Rd5 1/2-1/2

[Event "4NCL 2012-13"]
[Site "Staverton ENG"]
[Date "2013.01.13"]
[Round "4.112"]
[White "Parker, J."]
[Black "Rowson, J."]
[Result "0-1"]
[WhiteElo "2525"]
[BlackElo "2586"]
[PlyCount "66"]
[EventDate "2012.11.03"]
[SourceDate "1999.07.01"]
[WhiteTeam "Barbican 4NCL"]
[BlackTeam "Wood Green, Hilsmark Kingfisher"]

1. d4 Nf6 2. c4 e6 3. Nc3 Bb4 4. e3 O-O 5. Bd3 d5 6. Nge2 dxc4 7. Bxc4 e5 8.
O-O Qe7 9. a3 Bd6 10. Nb5 e4 11. Nxd6 cxd6 12. Nf4 b6 13. Bd2 Bb7 14. Rc1 Na6
15. b4 Nc7 16. b5 Qd7 17. Qb3 g5 18. Nh3 h6 19. a4 Rac8 20. Kh1 Bd5 21. Ng1 Qe6
22. Bxd5 Ncxd5 23. a5 Kg7 24. axb6 axb6 25. Rc6 Ng8 26. f3 Nge7 27. fxe4 Qxe4
28. Rxd6 Rc2 29. Rf2 Ra8 30. Qb1 Raa2 31. Qf1 f5 32. Qd1 Nxe3 33. Qh5 Ng4 0-1

[Event "18th Bosnjaci Open"]
[Site "Bosnjaci CRO"]
[Date "2013.01.06"]
[Round "6.1"]
[White "Sedlak, N."]
[Black "Delchev, A."]
[Result "1/2-1/2"]
[WhiteElo "2575"]
[BlackElo "2616"]
[PlyCount "78"]
[EventDate "2013.01.03"]
[SourceDate "1999.07.01"]

1. d4 Nf6 2. c4 e6 3. Nc3 Bb4 4. e3 O-O 5. Nge2 d5 6. a3 Bd6 7. Ng3 dxc4 8.
Bxc4 c5 9. dxc5 Bxc5 10. O-O Qxd1 11. Rxd1 b6 12. b4 Be7 13. Nb5 a6 14. Nd4 Bb7
15. Bb2 Nc6 16. Nge2 Nxd4 17. Nxd4 Rfc8 18. Bf1 Nd5 19. Rdc1 Bf6 20. g3 Ne7 21.
a4 Rxc1 22. Rxc1 Rc8 23. Rxc8+ Nxc8 24. b5 axb5 25. axb5 Kf8 26. Bd3 Ke8 27.
Bxh7 g6 28. h4 Bxd4 29. Bxd4 Bf3 30. Kh2 Nd6 31. Kh3 Nxb5 32. Be5 Ke7 33. g4 f6
34. Bb2 Kf7 35. Kg3 Be2 36. h5 gxh5 37. gxh5 Bxh5 38. Bd3 Nd6 39. Bd4 Bg6
1/2-1/2

[Event "World Cities Team KO"]
[Site "Al-Ain UAE"]
[Date "2012.12.25"]
[Round "1.18"]
[White "Markus, Rob"]
[Black "Beliavsky, A."]
[Result "1/2-1/2"]
[WhiteElo "2619"]
[BlackElo "2630"]
[PlyCount "60"]
[EventDate "2012.12.22"]
[SourceDate "1999.07.01"]
[WhiteTeam "Novi Sad"]
[BlackTeam "Ptuj"]

1. d4 Nf6 2. c4 e6 3. Nc3 Bb4 4. e3 O-O 5. Nge2 d5 6. a3 Bd6 7. c5 Be7 8. b4 b6
9. Nf4 a5 10. Bd2 c6 11. Na4 Nbd7 12. cxb6 Nxb6 13. Nxb6 Qxb6 14. bxa5 Qa7 15.
Be2 Bd8 16. O-O Bxa5 17. Bxa5 Qxa5 18. Qc2 Ba6 19. Rfc1 Rfc8 20. Bxa6 Rxa6 21.
Nd3 Nd7 22. a4 Rb8 23. g3 h6 24. Ra3 Qc7 25. Nc5 Nxc5 26. Qxc5 Rba8 27. Kg2
Rxa4 28. Rxa4 Rxa4 29. Qxc6 Qxc6 30. Rxc6 g5 1/2-1/2

[Event "World Cities Team KO"]
[Site "Al-Ain UAE"]
[Date "2012.12.26"]
[Round "2.13"]
[White "Ivanisevic, I."]
[Black "Grandelius, N."]
[Result "0-1"]
[WhiteElo "2633"]
[BlackElo "2583"]
[PlyCount "112"]
[EventDate "2012.12.22"]
[SourceDate "1999.07.01"]
[WhiteTeam "Novi Sad"]
[BlackTeam "Lund-Linkoping"]

1. d4 Nf6 2. c4 e6 3. Nc3 Bb4 4. e3 O-O 5. Nge2 d5 6. a3 Bd6 7. Ng3 c6 8. e4
Nxe4 9. Ngxe4 dxe4 10. Nxe4 Be7 11. f4 Nd7 12. Be3 b6 13. Qf3 Bb7 14. Nc3 Rb8
15. O-O-O c5 16. Qf2 cxd4 17. Bxd4 Bc5 18. Bd3 Qf6 19. Bc2 e5 20. fxe5 Qxf2 21.
Bxf2 Nxe5 22. Bg3 Rbe8 23. Rhe1 Nxc4 24. Rxe8 Rxe8 25. Rd7 Bxg2 26. Rxa7 h5 27.
Rc7 Bh3 28. Be4 Be6 29. Bd5 Bxd5 30. Nxd5 Ne3 31. Rd7 Re4 32. b4 Nxd5 33. Rxd5
Be3+ 34. Kc2 h4 35. Bc7 Rc4+ 36. Kd3 Rxc7 37. Kxe3 Rc3+ 38. Kf4 Rxa3 39. Kg4
Rc3 40. Rb5 Rc4+ 41. Kh5 Kh7 42. Rxb6 h3 43. b5 f6 44. Rb7 Rc2 45. Kg4 Rxh2 46.
Kg3 Rh1 47. b6 f5 48. Rb8 Kg6 49. Rc8 Rb1 50. Rc6+ Kh5 51. Kxh3 g5 52. Kg3 Rb3+
53. Kf2 Kg4 54. Ke2 f4 55. Kd2 f3 56. Rg6 Kf4 0-1

[Event "World Cities Team KO"]
[Site "Al-Ain UAE"]
[Date "2012.12.27"]
[Round "3.2"]
[White "Sokolov, Ivan"]
[Black "Kvon, A."]
[Result "1-0"]
[WhiteElo "2667"]
[BlackElo "2501"]
[PlyCount "65"]
[EventDate "2012.12.22"]
[SourceDate "1999.07.01"]
[WhiteTeam "Hoogeveen"]
[BlackTeam "Tashkent"]

1. d4 Nf6 2. c4 e6 3. Nc3 Bb4 4. e3 c5 5. Bd3 Nc6 6. Nf3 Bxc3+ 7. bxc3 d6 8.
Nd2 e5 9. d5 Ne7 10. e4 O-O 11. Nf1 Ne8 12. Ng3 f5 13. exf5 Bxf5 14. Nxf5 Nxf5
15. O-O Qf6 16. Qb3 Qe7 17. Bd2 g6 18. Rae1 Neg7 19. f4 Rae8 20. Qa4 a6 21. Re2
Qd8 22. fxe5 Rxe5 23. Ref2 h5 24. Qb3 Rf7 25. Qb1 Qd7 26. h3 Re8 27. Bg5 Ref8
28. Kh2 Ne8 29. Qe1 Kg7 30. Qe6 h4 31. Bxh4 Rh8 32. Bg5 Rh5 33. h4 1-0

[Event "Pan-Am Intercollegiate 2012"]
[Site "Princeton USA"]
[Date "2012.12.30"]
[Round "6"]
[White "Iotov, V."]
[Black "So, W."]
[Result "1/2-1/2"]
[WhiteElo "2575"]
[BlackElo "2682"]
[PlyCount "47"]
[EventDate "2012.12.27"]
[SourceDate "1999.07.01"]
[WhiteTeam "UT Dallas A"]
[BlackTeam "Webster"]

1. d4 Nf6 2. c4 e6 3. Nc3 Bb4 4. e3 O-O 5. Bd3 d5 6. Nf3 c5 7. O-O cxd4 8. exd4
dxc4 9. Bxc4 b6 10. Bg5 Bb7 11. Rc1 Nbd7 12. Re1 Rc8 13. Bb3 Re8 14. Bh4 Bxc3
15. bxc3 b5 16. Ng5 h6 17. Nh3 Qa5 18. Re3 Bd5 19. Qd2 Ne4 20. Qe1 Nef6 21. Rg3
Ne4 22. Re3 Nef6 23. Rg3 Ne4 24. Re3 1/2-1/2